000 00556nam a2200193Ia 4500
003 GCL
008 140319s9999 xx 000 0 ara d
040 _aGCL /
_cGCL
082 0 4 _aط
_b611.013
_bا ج
100 1 _aاحمد السعيد يونس
245 1 0 _aجسم الانسان /
_cاحمد السعيد يونس
490 _aدليل الطفل الذكى
_v0
650 0 4 _aالانسان
650 0 4 _aالاطفال
650 0 4 _aجسم الانسان
650 0 4 _aالتشريح
650 0 4 _aالتشريح البشرى
942 _2ddc
_cBK
999 _c49514
_d49514